00332nam a2200109Ia 450000500170000000800410001710000250005824500870008326000250017030000100019565000170020520260328101452.0260328s9999||||xx |||||||||||||| ||und|| aPereira, Irene Rice  4aThe Nature of Space :b A metaphysical and aesthetic inquiry /cIrene Rice Pereira bThe Corcoran Gallery a62 p. aARQUITECTURA